| 000 | 01021cai a22002175a 4500 | ||
|---|---|---|---|
| 001 | L140038 | ||
| 008 | 070830s2007 xxkd f 000 0 eng d | ||
| 035 | _a(Sirsi) u140038 | ||
| 041 | 0 | _aeng | |
| 050 | 0 | 4 | _a333.33 $2 18 |
| 110 | 2 |
_aDrivers Jonas _91941 |
|
| 245 | 0 | 0 |
_aInvestment trends _bsummer report 2007 _h[electronic resource] |
| 260 |
_aLondon _bDrivers Jonas _c2007 |
||
| 490 | 0 |
_aDrivers Jonas Investment Trends _vSummer 2007 |
|
| 520 | _aSuggests that sentiment towards UK commercial property is becoming increasingly bearish. Explains that this is not surprising given the near vertical interest rate curve, rising bond yields, weakening retail rental growth and reports of falling capital values in secondary areas of the market. | ||
| 590 | _aka ntk | ||
| 651 | 4 |
_aEngland and Wales _y1543- |
|
| 690 | _aPROPERTY-COMMERCIAL PROPERTY-COMMERCIAL PROPERTY MARKET | ||
| 856 | 4 | 8 |
_uhttps://www.driversjonas.com _zView the item free of charge (registration necessary) at: www.driversjonas.com... |
| 942 | _n0 | ||
| 999 |
_c107410 _d107410 |
||